00519 2200205 4500001002100000005001700021008004100038035002400079082001200103090001900115100002000134245004700154250001100201260003300212300002500245650001000270850001200280985000600292999001500298YOGYA-0209000004724120090227031532.0 ind  0010-020900000047241 a796.342 a796.342bFor T aFORTRE, Vincent aTenisbMengapa anda Kalah?cVincent Fortre aCet. 3 aSemarangbDahara Prizec1992 a139 hlmbilusc21 cm aTenis aYOPDYOG a1 a97P0102527